Revista Latin American Legal Studies

Bibliographic Details
Format: eBook
Language:Spanish
Published: Santiago de Chile: Universidad Adolfo Ibę̀z, 2017 -
Subjects:
Online Access:Acceso restringido

MARC

LEADER 00000nam a22000007a 4500
005 20191018233250.0
007 cr|||| ||||
008 191018c20179999cl fr|w s|||| 0|||b1spa d
022 |a 0719-9112 
035 |a 23245 
040 |a vLex 
090 |c 9930  |d 9930 
245 0 0 |a Revista Latin American Legal Studies  |h [Recurso electrn̤ico] / 
256 |a Servicio en ln̕ea 
260 |a Santiago de Chile:  |b Universidad Adolfo Ibę̀z,  |c 2017 - 
300 |a 1 recurso electrn̤ico 
310 |a Semestral 
362 |a Nð 1 (Sep. 2017) - 
500 |a Latin American Legal Studies es una publicacin̤ bilingüe de periodicidad semestral de la Facultad de Derecho de la Universidad Adolfo Ibę̀z, que publica trabajos originales e inďitos en inglš y espaǫl de temas miscelǹeos que tengan relevancia para la regin̤, con un carc̀ter filosf̤ico, doctrinario, comparado o interdisciplinario, y que se refieran a uno o ms̀ sistemas jurd̕icos latinoamericanos, o que comparen un sistema latinoamericano con alguno fuera de Latinoamřica. 
506 1 |a Disponible solo en los productos indicados  |d vLex Global  |d vLex Global (Academic Edition, excluding Law Schools)  |d vLex Global (U.S. Academic Edition, Law Schools)  |d vLex Global (U.S. Academic Edition, excluding Law Schools)  |d vLex Global (Academic Edition, Law Schools) 
650 0 4 |a Derecho Civil  |z Chile 
650 0 4 |a Derecho Mercantil y de la Empresa  |z Chile 
650 0 4 |a Derecho Pb︢lico y Administrativo  |z Chile 
740 0 |a vLex Revistas (Servicio en ln̕ea) 
856 4 0 |u http://vlex.com/source/revista-latin-american-legal-studies-23245  |z Acceso restringido 
942 |c REV 
999 0 |a Civil Law 
999 0 |a Commercial and Business Law 
999 0 |a Public and Administrative Law